Instrucción al pueblo sobre disciplina eclesiástica, en los puntos atacados por el filosofismo moderno

Detalles Bibliográficos
Autor principal: Díaz, José Joaquín
Formato: Libro
Lenguaje:Spanish
Publicado: Puebla 1868
Materias:
Colección:Banco de datos
Acervo:Biblioteca de la Congregación del Oratorio de San Felipe Neri de México. Iglesia La Profesa
Descripción Física:253 p. 14 cm.
Tema general:Catequética
Notas:Encuadernación en cartón con lomo en piel. Daños en la encuadernación
LEADER 00861nam a22001810004500
035 |a 1295 
041 0 |a spa 
100 1 |a Díaz, José Joaquín 
245 1 0 |a Instrucción al pueblo sobre disciplina eclesiástica, en los puntos atacados por el filosofismo moderno  |c su autor el presbítero D. José Joaquín Díaz, cura párroco de Tlacochahuaya, en la diócesis de Oaxaca, sócio corresponsal de la sociedad mexicana de geografía y estadística 
260 |a Puebla  |b imp. de N. Bassols  |c 1868 
300 |a 253 p.  |c 14 cm. 
500 |a Encuadernación en cartón con lomo en piel. Daños en la encuadernación 
504 |a Índice de contenido 
650 1 0 |a Catequética 
949 |a Iglesia La Profesa, Biblioteca 2110 
942 |c PROFESA 
943 |g Biblioteca de la Congregación del Oratorio de San Felipe Neri de México. Iglesia La Profesa 
999 |c 948106  |d 948106